01101nas a2200277Ia 4500001002300000003001000023008004100033040002500074041001300099100001500112210002900127222002900156245002800185250001100213260004400224501012300268300001100391362001100402500015900413650002000572700001100592942000700603957000600610999003200616952017500648dd12-1756 [d000001833]IT-MiCISF161014c99999999xx |||||||||||| ||und|| aIT-MiCISFcIT-MiCISF aITALIANO aAnfossi G. aMessaggero di S. Antonio aMessaggero di S. Antonio 0aVita e famiglia insieme a1a ed. a PadovabMessaggero di S. Antonioc1994 bCISF - Centro Internazionale Studi Famiglia - Via Giotto, 36 20145 MILANO (non commercial uses only)cCopyright 2016 app. 31 a[1994] aTema: famiglia, valori, chiesa, accoglienza-della-vita, aborto, denatalità€, madre-nubile - Nisoli C., Sciascia S., Liverani P., Anfossi G., Campiglio L. afamigliavvario aAA.VV. cCR 71 a1756bSig1c221583d221583 0010406DD_121756_D00000183371aCISFbCISFd2016-10-14l0odd12-1756 [d000001833]r2016-10-14 00:00:00w2016-10-14yCRzData import 15.10.2016 / by Epidotti, Vaglietti